000 00908nam a2200277uu 4500
003 TR-IsYBT
005 20231130145604.0
008 210703s2020 tu tur
020 _a9789750530142
100 _aHardy, Thomas
245 1 _aAdsız sansız bir Jude /
_cThomas Hardy ; çeviren: Taciser Ulaş Belge.
260 _aİstanbul:
_bİletişim,
_c2020
300 _a462 sayfa ;
_c20 cm.
440 _aİletişim yayınları ;
_v146.
_pİletişim Klasikleri ;
_v4
650 0 _aEdebiyat
650 0 _aLiterature
650 0 _aİngiliz edebiyatı
650 0 _aEnglish literature
650 0 _aİngiliz romanı
650 0 _aEnglish fiction
650 0 _aZina
_xroman
650 0 _aAdultery
_xfiction
902 _a084850
947 _a115405034
_b33205546
_c129
_d687
_eIstanbul Aydin Universitesi Kutuphanesi
_fIstanbul Aydin - Florya
_g2021-07-05 10:38:00
999 _c200458929
_d77141